书目信息 |
| 题名: |
面向过程的大型工程社会影响前摄性评估方法
|
|
| 作者: | 黄有亮 , 宁延 , 林文生 著 | |
| 分册: | ||
| 出版信息: | 南京 东南大学出版社 2019.12 |
|
| 页数: | 457页 | |
| 开本: | 26cm | |
| 丛书名: | ||
| 单 册: | ||
| 中图分类: | F282 | |
| 科图分类: | ||
| 主题词: | 大型建设项目--da xing jian she xiang mu--社会影响--评估方法 | |
| 电子资源: | ||
| ISBN: | 978-7-5641-8712-5 | |
| 000 | 01454nam0 2200277 450 | |
| 001 | 2133102702 | |
| 005 | 20211025190356.0 | |
| 010 | @a978-7-5641-8712-5@dCNY68.00 | |
| 100 | @a20200515d2019 em y0chiy0120 ea | |
| 101 | 0 | @achi |
| 102 | @aCN@b320000 | |
| 105 | @aak a 000yy | |
| 106 | @ar | |
| 200 | 1 | @a面向过程的大型工程社会影响前摄性评估方法@Amian xiang guo cheng de da xing gong cheng she hui ying xiang qian she xing ping gu fang fa@f黄有亮, 宁延, 林文生著 |
| 210 | @a南京@c东南大学出版社@d2019.12 | |
| 215 | @a457页@c图@d26cm | |
| 300 | @a国家社会科学基金资助项目研究成果 江苏高校优势学科建设工程资助出版 | |
| 320 | @a有书目 (第454-457页) | |
| 330 | @a本书内容简介:从我国大型工程社会影响的过程和规律去解读现代社会影响评估理念,努力贴近评估研究领域的前沿,吸收西方的先进方法并进行本土化思考,增进与受影响社区社会结构基本特征相适应的评估方法和模式,构筑一个适合当前本土社会和社区情境、立足于项目决策阶段、面向过程的前摄性评估方法体系, 希望本课题研究成果能促进我国的评估工作者突破传统的范式,从一个新的视角去理解大型工程的社区影响,以科学的、更富有民主精神的评估思路和方法寻求对人民、社区及社会制度而言所付代价更小的项目改进方案,为项目决策提供依据。 | |
| 606 | 0 | @a大型建设项目@Ada xing jian she xiang mu@x社会影响@x评估方法 |
| 690 | @aF282@v5 | |
| 701 | 0 | @a黄有亮@Ahuang you liang@4著 |
| 701 | 0 | @a宁延@Aning yan@4著 |
| 701 | 0 | @a林文生@Alin wen sheng@4著 |
| 801 | 0 | @aCN@b百万庄@c20211025 |
| 905 | @b1312033-36@dF282@e1868@f4 | |
| 面向过程的大型工程社会影响前摄性评估方法/黄有亮, 宁延, 林文生著.-南京:东南大学出版社,2019.12 |
| 457页:图;26cm |
| 国家社会科学基金资助项目研究成果 江苏高校优势学科建设工程资助出版 |
| ISBN 978-7-5641-8712-5:CNY68.00 |
| 本书内容简介:从我国大型工程社会影响的过程和规律去解读现代社会影响评估理念,努力贴近评估研究领域的前沿,吸收西方的先进方法并进行本土化思考,增进与受影响社区社会结构基本特征相适应的评估方法和模式,构筑一个适合当前本土社会和社区情境、立足于项目决策阶段、面向过程的前摄性评估方法体系, 希望本课题研究成果能促进我国的评估工作者突破传统的范式,从一个新的视角去理解大型工程的社区影响,以科学的、更富有民主精神的评估思路和方法寻求对人民、社区及社会制度而言所付代价更小的项目改进方案,为项目决策提供依据。 |
| ● |
| 相关链接 |
|
|
|
|
正题名:面向过程的大型工程社会影响前摄性评估方法
索取号:F282/1868
 
预约/预借
| 序号 | 登录号 | 条形码 | 馆藏地/架位号 | 状态 | 备注 |
| 1 | 1312033 | 213120335 | 第一样本阅览室/ [索取号:F282/1868] | 在馆 | |
| 2 | 1312034 | 213120344 | 第一借阅区/ [索取号:F282/1868] | 在馆 | |
| 3 | 1312035 | 213120353 | 第一借阅区/ [索取号:F282/1868] | 在馆 | |
| 4 | 1312036 | 213120362 | 第一借阅区/ [索取号:F282/1868] | 在馆 |